Statistics for PREMI NBA 2016-2020

Click here to take the quiz!

General Stats

  • This quiz has been taken 10 times
  • The average score is 8 of 25

Answer Stats

YearsPlayer% Correct
DPOYG. Antetokounmpo
75%
MVPStephen Curry
75%
MVPJames Harden
63%
DPOYRudy Gobert
63%
6MOYJamal Crawford
50%
6MOYLou Williams
50%
ROYLuka Dončić
50%
MVPRussell Westbrook
50%
ROYBen Simmons
38%
DPOYDraymond Green
38%
ROYJa Morant
38%
ROYKarl-Anthony Towns
38%
DPOYKawhi Leonard
38%
ROY
Malcolm Brogdon
25%
COTYMike Budenholzer
25%
COTYNick Nurse
25%
MIPBrandon Ingram
13%
COTYDwane Casey
13%
6MOYEric Gordon
13%
6MOYMontrezl Harrell
13%
MIPPascal Siakam
13%
COTYSteve Kerr
13%
MIPCJ McCollum
0%
COTYMike D'Antoni
0%
MIPVictor Oladipo
0%

Score Distribution

Percentile by Number Answered

Percent of People with Each Score

Your Score History

You have not taken this quiz